| 000 | 00962nam a22002177a 4500 | ||
|---|---|---|---|
| 999 |
_c10291 _d10291 |
||
| 003 | AR-CdUCM | ||
| 008 | 190329b ||||| |||| 00| 0 spa d | ||
| 040 |
_aMUNICIPALIDAD PROVINCIAL DEL CUSCO _cBIBLIOTECA MUNICIPAL DEL CUSCO |
||
| 082 |
_a711.1 / _bD89 / 1962 |
||
| 100 |
_aDongo Denegri, Luis Alberto. _927072 |
||
| 245 | _aVivienda y urbanismo / | ||
| 260 |
_aArequipa : _bEl deber, _c1962. |
||
| 300 |
_a240 paginas ; _c22 cm. |
||
| 505 | _aContenido : Ley 3022 casas para obreros y empleados públicos -- Ley 6125 Banco central hipotecario del Perú -- Estatuto de la corporación nacional de la vivienda -- Dec. supremo 11202 facultades especiales de la corporación nacional de vivienda con respecto a las leyes de inquilanato -- Cooperativas... | ||
| 650 |
_aLeyes _94808 |
||
| 650 |
_aCooperativas _94787 |
||
| 650 |
_aAsociaciones mutualistas _927073 |
||
| 650 |
_aFondo nacional de vivienda _927074 |
||
| 942 |
_2ddc _cLIBROS |
||
| 945 | _awnts | ||